Труды. Вып.37: Образование и динамика дневного среднеширотного слоя Еионосферы (Запись № 2235003)

Подробности
000 -МАРКЕР
контрольное поле 01459nam2a22002651 4500
001 - ИДЕНТИФИКАТОР ЗАПИСИ
контрольное поле RU\NLR\INFOCOMM10\1000197139
005 - ИДЕНТИФИКАТОР ВЕРСИИ
контрольное поле 20250617044622.0
035 ## - ДРУГИЕ СИСТЕМНЫЕ НОМЕРА
Идентификатор записи (NLR Aleph) 002459060
100 ## - ДАННЫЕ ОБЩЕЙ ОБРАБОТКИ
Данные общей обработки 20040315d1979 |||y0rusy50 ca
101 0# - ЯЗЫК РЕСУРСА
Язык текста, звукозаписи и т.д. русский
102 ## - СТРАНА ПУБЛИКАЦИИ ИЛИ ПРОИЗВОДСТВА
Страна публикации Российская Федерация
105 ## - ПОЛЕ КОДИРОВАННЫХ ДАННЫХ: ТЕКСТОВЫЕ МАТЕРИАЛЫ, МОНОГРАФИЧЕСКИЕ
Кодированные данные о монографическом текстовом документе y |||||||||
200 1# - ЗАГЛАВИЕ И СВЕДЕНИЯ ОБ ОТВЕТСТВЕННОСТИ
Основное заглавие Образование и динамика дневного среднеширотного слоя Еионосферы
Первые сведения об ответственности Г.С. Иванов-Холодный, А.А. Нусинов
210 ## - ПУБЛИКАЦИЯ, РАСПРОСТРАНЕНИЕ И ДР.
Дата издания, распространения и т.д. 1979
Место издания, распространения и т.д. Б. м.
461 #0 - УРОВЕНЬ НАБОРА
Встроенное поле 001RU\NLR\INFOCOMM10\1000197108
-- 2001#$aТруды$fГлав. упр. гидрометеорол. службы при Совете Министров СССР. Ин-т прикладной геофизики$vВып.37
Системный номер (АБИС) связанной записи 2234724
Автор Институт прикладной геофизики им. Е.К. Федорова (Москва)
Место публикации Л.
Дата публикации 1965 -
Первые сведения об ответственности Глав. упр. гидрометеорол. службы при Совете Министров СССР. Ин-т прикладной геофизики
Имя издателя, распространителя и т.д. Гидрометеоиздат
Заглавие Труды
Номер тома Вып.37
700 #1 - ИМЯ ЛИЦА - ПЕРВИЧНАЯ ОТВЕТСТВЕННОСТЬ
Код отношения Автор
Графика поля Кириллица
Материалы, к которым относится поле rus
Начальный элемент ввода Иванов-Холодный
Часть имени, кроме начального элемента ввода Г. С.
Даты 1928-2016
Расширение инициалов личного имени Гор Семенович
Системный номер авторитетной/нормативной записи 229956
Идентификатор авторитетной/нормативной записи RU\NLR\AUTH\770230012
701 #1 - ИМЯ ЛИЦА - АЛЬТЕРНАТИВНАЯ ОТВЕТСТВЕННОСТЬ
Начальный элемент ввода Нусинов
Часть имени, кроме начального элемента ввода А.А.
Код отношения Автор
801 #1 - ИСТОЧНИК ЗАПИСИ
Страна Российская Федерация
Организация InfoComm
Дата составления 20040315
801 #0 - ИСТОЧНИК ЗАПИСИ
Страна Российская Федерация
Организация NLR
Правила каталогизации PSBO
852 ## - МЕСТОНАХОЖДЕНИЕ И ШИФР ХРАНЕНИЯ
Идентификатор организации NLR
Шифр хранения (Call Number) П8/728
942 ## - ДОПОЛНИТЕЛЬНЫЕ ЭЛЕМЕНТЫ ЗАПИСИ (АБИС)
Тип экземпляра АБИС Выпуск
980 ## - КОЛЛЕКЦИЯ
Название коллекции Национальная библиография
980 ## - КОЛЛЕКЦИЯ
Название коллекции Русская периодика

Нет доступных экземпляров.